00797nam a22002057a 4500003000400000005001700004008004100021010001300062035001300075040000600088100003100094245014100125250002500266260010900291300002300400500007500423501006400498518000900562700002000571dpl20191107160919.0191107b ||||| |||| 00| 0 eng d ab-130405 aB-130405 c0 aJhaverchand, Meghanid2003 aA NOBLE HERITAGE:bA Collection of short stories on the folklore of Saurashtra/cMeghani Jhaverchand, edited by S. Ramakrishnanhenglish afirst edition : 2003 amumbai 400 007bS. Ramakrishnan , executive secretary bharatiya vidya bhavan ,kulapati munshi margc2003 a114p.bill.c15cms aIIILUSTRATION AND DECORATIVE SKETCHES: Pratapsinh jadeja jagdeep smart acover sketch: pratapsinh jadeja cover design: jagdeep smart a2003 aS. Ramakrishnan